[Event "4NCL Division Three Knights"]
[Site "Telford, ENG"]
[Date "2024.05.05"]
[Round "10.11"]
[White "Cooksey, Paul S"]
[Black "Brown, Thomas"]
[Result "1-0"]
[WhiteElo "2238"]
[BlackElo "2120"]
[PlyCount "47"]
[EventDate "2024.05.05"]
[WhiteTeam "Crowthorne A"]
[BlackTeam "Rhyfelwyr Essyllwg"]

1. d4 Nf6 2. Nf3 g6 3. c4 Bg7 4. Nc3 O-O 5. e4 d6 6. Be2 e5 7. Be3 exd4 8. Nxd4
Re8 9. f3 c6 10. Bf2 d5 11. exd5 cxd5 12. O-O Nc6 13. c5 Nh5 14. Qd2 Be5 15. g3
Ng7 16. Rfd1 Bxd4 17. Bxd4 Ne6 18. Bf2 d4 19. Ne4 Qe7 20. b4 Ng5 21. Nxg5 Qxe2
22. Qf4 Be6 23. Re1 Qc4 24. Rxe6 1-0

[Event "4NCL Division Three Knights"]
[Site "Telford, ENG"]
[Date "2024.05.05"]
[Round "10.12"]
[White "Young, Alan"]
[Black "Webb, Richard M"]
[Result "1/2-1/2"]
[WhiteElo "1993"]
[BlackElo "2139"]
[PlyCount "50"]
[EventDate "2024.05.05"]
[WhiteTeam "Rhyfelwyr Essyllwg"]
[BlackTeam "Crowthorne A"]

1. e4 c5 2. c3 Nf6 3. e5 Nd5 4. d4 cxd4 5. Nf3 Nc6 6. cxd4 d6 7. Bc4 Nb6 8. Bb3
dxe5 9. d5 Na5 10. Nc3 Nxb3 11. Qxb3 e6 12. Nxe5 exd5 13. Be3 Bd6 14. Qb5+ Kf8
15. f4 Be6 16. O-O Kg8 17. Rad1 h5 18. a4 Qe8 19. Qxe8+ Rxe8 20. a5 Bxe5 21.
axb6 Bxc3 22. bxc3 axb6 23. Bxb6 Rh6 24. Rfe1 Rc8 25. Bd4 Bg4 1/2-1/2

[Event "4NCL Division Three Knights"]
[Site "Telford, ENG"]
[Date "2024.05.05"]
[Round "10.13"]
[White "Thompson, Ian D"]
[Black "Hewitt, William"]
[Result "1-0"]
[WhiteElo "2152"]
[BlackElo "1978"]
[PlyCount "103"]
[EventDate "2024.05.05"]
[WhiteTeam "Crowthorne A"]
[BlackTeam "Rhyfelwyr Essyllwg"]

1. c4 c5 2. Nc3 Nf6 3. g3 d5 4. cxd5 Nxd5 5. Bg2 Nc7 6. d3 Nc6 7. Be3 e5 8. Nf3
Be7 9. Rc1 Bd7 10. Nd2 O-O 11. O-O Rc8 12. f4 exf4 13. gxf4 b6 14. Nf3 f6 15.
Bf2 Ne6 16. e3 Be8 17. Qd2 Bf7 18. Rcd1 Bh5 19. Ne4 Nc7 20. a3 Qd7 21. Rb1 Rfd8
22. Ne1 Bg4 23. Bg3 Nb5 24. Nc3 Na5 25. Rf2 Bf8 26. Bf1 Nxc3 27. Qxc3 Kh8 28.
Be2 Re8 29. Ng2 Bh3 30. e4 Be6 31. Re1 Nc6 32. Bf1 Nd4 33. Ne3 Red8 34. f5 Bf7
35. e5 fxe5 36. Ng4 Bd6 37. Nxe5 Qc7 38. f6 g6 39. Qc1 Nf5 40. Bf4 Rf8 41. Qc3
Rcd8 42. Bg2 Nd4 43. Qc1 Be6 44. Nxg6+ hxg6 45. Bxd6 Rxd6 46. Qh6+ Kg8 47.
Qxg6+ Kh8 48. Qh6+ Kg8 49. Be4 Bg4 50. Qg5+ Kh8 51. Qh4+ Kg8 52. Qxg4+ 1-0

[Event "4NCL Division Three Knights"]
[Site "Telford, ENG"]
[Date "2024.05.05"]
[Round "10.14"]
[White "Trevelyan, John"]
[Black "Purdon, Colin"]
[Result "0-1"]
[WhiteElo "1918"]
[BlackElo "1964"]
[PlyCount "130"]
[EventDate "2024.05.05"]
[WhiteTeam "Rhyfelwyr Essyllwg"]
[BlackTeam "Crowthorne A"]

1. d4 Nf6 2. c4 g6 3. Nc3 d5 4. Nf3 Bg7 5. Bf4 O-O 6. e3 Be6 7. c5 Bg4 8. Bd3
Nbd7 9. h3 Bxf3 10. Qxf3 c6 11. O-O e5 12. dxe5 Ne8 13. Qg3 Nxc5 14. Bc2 Ne6
15. h4 N8c7 16. Rfd1 Qe7 17. Ne2 Rad8 18. Nd4 c5 19. Nf3 d4 20. h5 Rfe8 21. Ng5
dxe3 22. Rxd8 exf2+ 23. Qxf2 Rxd8 24. Nxe6 Nxe6 25. hxg6 hxg6 26. Bg3 Nd4 27.
Re1 Qe6 28. b3 Nxc2 29. Qxc2 b6 30. Qe2 Bh6 31. Qe4 Qd5 32. Qxd5 Rxd5 33. e6
fxe6 34. Rxe6 Kf7 35. Rc6 Be3+ 36. Kf1 Rd7 37. Ke2 Bd4 38. Rc7 Rxc7 39. Bxc7
Ke6 40. a4 Kd7 41. Bb8 a6 42. Kd3 Kc6 43. Bf4 Kd5 44. Bg5 b5 45. axb5 axb5 46.
Bf4 c4+ 47. bxc4+ bxc4+ 48. Kc2 Ke4 49. Bg5 Kf5 50. Bd2 Kg4 51. Be1 Kf4 52. Kd2
Ke4 53. Bg3 g5 54. Bh2 g4 55. Bg3 c3+ 56. Kc2 Ke3 57. Bd6 Kf2 58. g3 Kf3 59.
Kd3 Bf2 60. Be5 c2 61. Kxc2 Bxg3 62. Bf6 Bf4 63. Bh4 Be3 64. Kd3 Bf2 65. Bf6 g3
0-1

[Event "4NCL Division Three Knights"]
[Site "Telford, ENG"]
[Date "2024.05.05"]
[Round "10.15"]
[White "Duckers, Harvey L"]
[Black "Van Kemenade, Rudy"]
[Result "1-0"]
[WhiteElo "1992"]
[BlackElo "1947"]
[PlyCount "65"]
[EventDate "2024.05.05"]
[WhiteTeam "Crowthorne A"]
[BlackTeam "Rhyfelwyr Essyllwg"]

1. c4 e5 2. Nc3 Nc6 3. g3 f5 4. Bg2 Nf6 5. e3 d6 6. Nge2 Be7 7. d4 e4 8. O-O
O-O 9. f3 exf3 10. Bxf3 Qe8 11. a3 a5 12. Qd3 Bd7 13. Bd2 Kh8 14. Rae1 g5 15.
Nd5 Bd8 16. Nec3 Qg6 17. Nxf6 Bxf6 18. Nd5 Bd8 19. Bc3 a4 20. e4 f4 21. Bg2 Ne7
22. gxf4 gxf4 23. Rxf4 Rg8 24. Ne3 Nc6 25. Rf3 Bh4 26. Ref1 Rae8 27. Qc2 Qxe4
28. d5+ Nd4 29. Qd2 Bf6 30. Rxf6 Ne2+ 31. Qxe2 Rxg2+ 32. Qxg2 Qxe3+ 33. Kh1 1-0

[Event "4NCL Division Three Knights"]
[Site "Telford, ENG"]
[Date "2024.05.05"]
[Round "10.16"]
[White "Hatchett, Paul"]
[Black "Tart, Peter K"]
[Result "1/2-1/2"]
[WhiteElo "1949"]
[BlackElo "1958"]
[PlyCount "38"]
[EventDate "2024.05.05"]
[WhiteTeam "Rhyfelwyr Essyllwg"]
[BlackTeam "Crowthorne A"]

1. e4 e5 2. Nf3 Nf6 3. Nxe5 Nxe4 4. Qe2 Qe7 5. Qxe4 d6 6. d4 dxe5 7. dxe5 Nc6
8. Nc3 Qxe5 9. Qxe5+ Nxe5 10. Bf4 Bd6 11. Bg3 Bf5 12. O-O-O O-O-O 13. Nb5 a6
14. Nxd6+ cxd6 15. Be2 f6 16. Rhe1 d5 17. f4 Nc6 18. Bd3 Bg4 19. Be2 Bf5
1/2-1/2

[Event "4NCL Division Three Knights"]
[Site "Telford, ENG"]
[Date "2024.05.05"]
[Round "10.21"]
[White "Stubbs, Oliver"]
[Black "Larchikov, Maksym"]
[Result "1/2-1/2"]
[WhiteElo "2234"]
[BlackElo "2136"]
[PlyCount "56"]
[EventDate "2024.05.05"]
[WhiteTeam "Poole Patzers"]
[BlackTeam "Hull & East Riding Tigers"]

1. d4 d5 2. Nf3 Nf6 3. Bf4 e6 4. e3 Bd6 5. Nbd2 O-O 6. c3 c5 7. Bd3 Nc6 8. Bg3
b6 9. Qe2 Qc7 10. Bxd6 Qxd6 11. e4 dxe4 12. Nxe4 Nxe4 13. Bxe4 f5 14. Bxc6 Qxc6
15. O-O-O Bb7 16. dxc5 Rfe8 17. Ne5 Qxc5 18. f4 Rad8 19. Kb1 Be4+ 20. Ka1 b5
21. Rhg1 b4 22. cxb4 Qxb4 23. g4 Rxd1+ 24. Rxd1 Qb6 25. gxf5 Bxf5 26. Qc4 Rd8
27. Rc1 h6 28. Qc3 Kh7 1/2-1/2

[Event "4NCL Division Three Knights"]
[Site "Telford, ENG"]
[Date "2024.05.05"]
[Round "10.22"]
[White "Varley, Joe"]
[Black "Garcia Hernandez, Oscar"]
[Result "1/2-1/2"]
[WhiteElo "2094"]
[BlackElo "2192"]
[PlyCount "100"]
[EventDate "2024.05.05"]
[WhiteTeam "Hull & East Riding Tigers"]
[BlackTeam "Poole Patzers"]

1. e4 e5 2. Nf3 Nc6 3. Bb5 a6 4. Ba4 Nf6 5. d3 d6 6. c3 g6 7. O-O Bg7 8. Re1
O-O 9. Nbd2 h6 10. Nf1 Nh7 11. Ng3 Bd7 12. h3 f5 13. exf5 gxf5 14. Nh5 Be8 15.
Bb3+ Kh8 16. Nxg7 Kxg7 17. g3 Bh5 18. Kg2 Qf6 19. Qd2 Rae8 20. Bd1 e4 21. Nh4
Bxd1 22. Qxd1 Ne5 23. dxe4 fxe4 24. Be3 c5 25. Qd5 Nd3 26. Rf1 Qf7 27. Qxd6 Re6
28. Qd5 Nf6 29. Qb3 Nh5 30. Rad1 b5 31. c4 bxc4 32. Qxc4 Nxb2 33. Qc3+ Qf6 34.
Rd7+ Kg8 35. Qxc5 Re5 36. Qc3 Nxg3 37. Qxb2 Nxf1 38. Kxf1 Qxh4 39. Qb3+ Kh8 40.
Qb7 Qxh3+ 41. Ke1 Qf5 42. Bd4 Qg5 43. Qc7 Kg8 44. Qxe5 Qc1+ 45. Ke2 Qc4+ 46.
Kd2 Qd3+ 47. Ke1 Qb1+ 48. Ke2 Qd3+ 49. Ke1 Qb1+ 50. Ke2 Qd3+ 1/2-1/2

[Event "4NCL Division Three Knights"]
[Site "Telford, ENG"]
[Date "2024.05.05"]
[Round "10.23"]
[White "Weatherlake, John P"]
[Black "Smith, Simon"]
[Result "1/2-1/2"]
[WhiteElo "2005"]
[BlackElo "2015"]
[PlyCount "157"]
[EventDate "2024.05.05"]
[WhiteTeam "Poole Patzers"]
[BlackTeam "Hull & East Riding Tigers"]

1. e4 e5 2. Nc3 Nf6 3. Nf3 Nc6 4. Bb5 Bb4 5. O-O O-O 6. d3 Bxc3 7. bxc3 Qe7 8.
Re1 d6 9. d4 Bg4 10. h3 Bh5 11. Qd3 Nd7 12. g4 Bg6 13. Ba3 h5 14. Qe3 Nb6 15.
Qg5 Qxg5 16. Nxg5 exd4 17. Bxc6 bxc6 18. cxd4 Rfe8 19. f4 f6 20. f5 fxg5 21.
fxg6 hxg4 22. hxg4 Re6 23. Re2 Rae8 24. Rae1 Nd5 25. Bb2 Nf4 26. Re3 Nxg6 27.
c4 Nf4 28. e5 dxe5 29. dxe5 Rd8 30. Ra3 Rd2 31. Bc1 Ne2+ 32. Kf1 Nxc1 33. Rxc1
Rxe5 34. Re1 Rxe1+ 35. Kxe1 Rd4 36. c5 Rxg4 37. Rxa7 Rc4 38. Rxc7 Rxc5 39. a4
Kh7 40. Kf2 Ra5 41. Rxc6 Rxa4 42. Kg3 Rf4 43. Ra6 Rf6 44. Ra5 Kg6 45. Ra7 Rf7
46. Ra6+ Kh5 47. Ra8 Rb7 48. Rh8+ Kg6 49. Ra8 Rb4 50. Rf8 Rb3+ 51. Kg4 Rb1 52.
Kg3 Rg1+ 53. Kh2 Rg4 54. Kh3 Rf4 55. Ra8 Re4 56. Kg3 Kf7 57. Rb8 Kf6 58. Rf8+
Kg6 59. Ra8 Kh7 60. Ra7 Kh6 61. Ra8 Re1 62. Rh8+ Kg6 63. Ra8 Re3+ 64. Kg4 Re4+
65. Kg3 Rh4 66. Ra6+ Kh5 67. Ra7 Kg6 68. Ra6+ Kh7 69. Ra7 Rd4 70. Rb7 Kh6 71.
Rb8 g4 72. Rb5 Re4 73. Ra5 g5 74. Ra8 Kg7 75. Ra6 Kf7 76. Rb6 Re6 77. Rb4 Kf6
78. Kxg4 Kg6 79. Ra4 1/2-1/2

[Event "4NCL Division Three Knights"]
[Site "Telford, ENG"]
[Date "2024.05.05"]
[Round "10.24"]
[White "Vleeshhouwer, Douglas"]
[Black "Smith, Richard"]
[Result "0-1"]
[WhiteElo "1973"]
[BlackElo "1942"]
[PlyCount "66"]
[EventDate "2024.05.05"]
[WhiteTeam "Hull & East Riding Tigers"]
[BlackTeam "Poole Patzers"]

1. e4 e5 2. Nf3 Nc6 3. Bc4 Nf6 4. d4 exd4 5. O-O d6 6. Ng5 Ne5 7. Qxd4 Nxc4 8.
Qxc4 d5 9. exd5 Nxd5 10. Nc3 c6 11. Re1+ Be7 12. Nxd5 Qxd5 13. Qe2 Be6 14. Nxe6
fxe6 15. c4 Qf5 16. Qxe6 Qxe6 17. Rxe6 Kf7 18. Re2 Bf6 19. Be3 Rhd8 20. Rb1 Rd3
21. g3 Rad8 22. Rc2 a6 23. b3 g5 24. g4 Kg6 25. Kg2 h5 26. h3 hxg4 27. hxg4 Be5
28. a4 Rh8 29. b4 Rxe3 30. fxe3 Rh2+ 31. Kf3 Rxc2 32. Ke4 Bg7 33. Kd3 Rc3+ 0-1

[Event "4NCL Division Three Knights"]
[Site "Telford, ENG"]
[Date "2024.05.05"]
[Round "10.25"]
[White "Bowden, Madison B"]
[Black "Stephenson, David W"]
[Result "1-0"]
[WhiteElo "1959"]
[BlackElo "1849"]
[PlyCount "51"]
[EventDate "2024.05.05"]
[WhiteTeam "Poole Patzers"]
[BlackTeam "Hull & East Riding Tigers"]

1. d4 f5 2. Bg5 c5 3. e3 cxd4 4. exd4 Qb6 5. Nf3 Nf6 6. Nbd2 d5 7. c3 Nc6 8.
Bxf6 exf6 9. Qb3 Qd8 10. O-O-O Be7 11. Bd3 O-O 12. h3 a6 13. g4 f4 14. Qc2 f5
15. Rde1 b5 16. Ne5 Nxe5 17. dxe5 g6 18. e6 b4 19. b3 bxc3 20. Nf3 d4 21. Rhg1
Bb7 22. Ne5 a5 23. gxf5 a4 24. fxg6 h6 25. g7 axb3 26. Bh7# 1-0

[Event "4NCL Division Three Knights"]
[Site "Telford, ENG"]
[Date "2024.05.05"]
[Round "10.26"]
[White "Ganti, Shriaansh"]
[Black "O'neill, Martin"]
[Result "1-0"]
[WhiteElo "1864"]
[BlackElo "1800"]
[PlyCount "83"]
[EventDate "2024.05.05"]
[WhiteTeam "Hull & East Riding Tigers"]
[BlackTeam "Poole Patzers"]

1. d4 d5 2. Bf4 c6 3. e3 Nf6 4. c4 e6 5. Nc3 Be7 6. Qc2 O-O 7. f3 dxc4 8. Bxc4
Nd5 9. Nge2 Nd7 10. Bd3 N7f6 11. a3 a6 12. g4 Nxf4 13. Nxf4 g6 14. O-O-O Nd5
15. Ncxd5 cxd5 16. h4 Bd7 17. Kb1 Rc8 18. Qh2 Bd6 19. g5 Bxf4 20. exf4 Bb5 21.
Bc2 Qe7 22. h5 Be8 23. Rde1 Qc7 24. Bd3 Bb5 25. Bxb5 axb5 26. Qh3 Qc2+ 27. Ka1
Qf5 28. hxg6 Qxh3 29. Rxh3 fxg6 30. Rxe6 Rc7 31. Rh4 Ra8 32. Rd6 b4 33. Ka2 Rc2
34. Kb3 bxa3 35. bxa3 Rd2 36. Rxd5 Rd3+ 37. Kc4 Raxa3 38. Rd7 Rac3+ 39. Kd5
Rxf3 40. Rdxh7 Kf8 41. Rh8+ Ke7 42. R4h7# 1-0

[Event "4NCL Division Three Knights"]
[Site "Telford, ENG"]
[Date "2024.05.05"]
[Round "10.31"]
[White "Seymour, Timothy P"]
[Black "Welford-Ranson, Forbes"]
[Result "0-1"]
[WhiteElo "2221"]
[BlackElo "2116"]
[PlyCount "130"]
[EventDate "2024.05.05"]
[WhiteTeam "Surbiton"]
[BlackTeam "Iceni 1"]

1. Nf3 Nf6 2. c4 g6 3. d4 Bg7 4. e3 O-O 5. Be2 d6 6. Nc3 Bf5 7. Qb3 b6 8. d5 c5
9. Nd2 Na6 10. O-O Nc7 11. h3 Rb8 12. a4 a6 13. e4 Bd7 14. Qc2 e6 15. dxe6 Nxe6
16. Nf3 Nh5 17. Rd1 Nd4 18. Nxd4 Bxd4 19. Bxh5 gxh5 20. Nd5 b5 21. Ra3 Kh8 22.
Rxd4 cxd4 23. Qd2 Be6 24. Qh6 Bxd5 25. Rg3 Rg8 26. Bg5 Rg6 27. Qxg6 hxg6 28.
Bxd8 Rxd8 29. cxd5 Re8 30. axb5 axb5 31. Rd3 Rxe4 32. Kf1 Kg7 33. f3 Re3 34.
Rxd4 Rb3 35. Rd2 Kf6 36. Ke2 Ke5 37. g3 f6 38. h4 g5 39. hxg5 fxg5 40. Kf2 Rb4
41. Kg2 Rd4 42. Rf2 b4 43. Kh3 b3 44. Re2+ Kxd5 45. Re3 Kc4 46. Rc3+ Kb4 47.
Rc8 Rd3 48. Rg8 Rxf3 49. Rxg5 Kc4 50. Rxh5 Rf2 51. Rh4+ Kc5 52. Rf4 Rxb2 53. g4
Ra2 54. Rf3 Kc4 55. Rf4+ Kc3 56. Rf3+ Kc2 57. Rf2+ Kc1 58. Rf1+ Kd2 59. Rf6 Ra6
60. g5 b2 61. Rf2+ Kc3 62. Rf3+ Kc2 63. Rf2+ Kb3 64. Rf3+ Ka2 65. Rf2 Ka1 0-1

[Event "4NCL Division Three Knights"]
[Site "Telford, ENG"]
[Date "2024.05.05"]
[Round "10.32"]
[White "Calvert, D Ian"]
[Black "Scott, David A"]
[Result "1/2-1/2"]
[WhiteElo "2028"]
[BlackElo "2099"]
[PlyCount "52"]
[EventDate "2024.05.05"]
[WhiteTeam "Iceni 1"]
[BlackTeam "Surbiton"]

1. b3 Nf6 2. Bb2 c5 3. Nf3 Nc6 4. c4 d5 5. cxd5 Nxd5 6. g3 f6 7. d4 cxd4 8.
Nxd4 Qa5+ 9. Qd2 Qxd2+ 10. Nxd2 Nxd4 11. Bxd4 e5 12. Bb2 Nb4 13. Kd1 Be6 14. a3
Rd8 15. Kc1 Rc8+ 16. Kd1 Nd5 17. Rc1 Rxc1+ 18. Kxc1 Kf7 19. Bg2 Be7 20. Kb1 Rc8
21. Rc1 Rxc1+ 22. Kxc1 b5 23. Kc2 Bc5 24. e3 Bb6 25. Ne4 Ke7 26. Nc3 Nxc3
1/2-1/2

[Event "4NCL Division Three Knights"]
[Site "Telford, ENG"]
[Date "2024.05.05"]
[Round "10.33"]
[White "Faulks, Nick"]
[Black "Dunn, Maxim"]
[Result "0-1"]
[WhiteElo "1988"]
[BlackElo "2116"]
[PlyCount "114"]
[EventDate "2024.05.05"]
[WhiteTeam "Surbiton"]
[BlackTeam "Iceni 1"]

1. c4 c6 2. Nc3 d5 3. e3 Nf6 4. Nf3 e6 5. b3 Bd6 6. Bb2 O-O 7. Rc1 Nbd7 8. Be2
e5 9. cxd5 cxd5 10. Nb5 Qe7 11. Nxd6 Qxd6 12. O-O Re8 13. Rc2 e4 14. Nd4 a6 15.
f4 exf3 16. Nxf3 Ne4 17. Qe1 Nf8 18. Nh4 Ng6 19. Nf5 Bxf5 20. Rxf5 Rac8 21.
Rxc8 Rxc8 22. d3 Nc5 23. Qc3 f6 24. d4 Qe6 25. Rxd5 Na4 26. Bc4 Nxc3 27. Rd8+
Rxd8 28. Bxe6+ Kf8 29. Bxc3 Ke7 30. Bf5 Nf8 31. Bb4+ Kf7 32. Kf2 b6 33. Ke2 Ne6
34. Bd3 a5 35. Ba3 Nc7 36. Bb2 g6 37. Bc4+ Ke7 38. Ba3+ Kd7 39. e4 Re8 40. Bd3
Kc6 41. Bb2 f5 42. e5 Nd5 43. Kf3 b5 44. g4 fxg4+ 45. Kxg4 Rf8 46. a4 b4 47.
Bc1 Rf2 48. h4 Rg2+ 49. Kf3 Rh2 50. Kg3 Rh1 51. Bg5 Rd1 52. Bb5+ Kc7 53. e6 Kd6
54. Bc4 Kxe6 55. Bd8 Rxd4 56. Bxa5 Kd6 57. Bd8 Rxc4 0-1

[Event "4NCL Division Three Knights"]
[Site "Telford, ENG"]
[Date "2024.05.05"]
[Round "10.34"]
[White "Hughes, Roy"]
[Black "Morrison, Joseph"]
[Result "1-0"]
[WhiteElo "2043"]
[BlackElo "1908"]
[PlyCount "47"]
[EventDate "2024.05.05"]
[WhiteTeam "Iceni 1"]
[BlackTeam "Surbiton"]

1. d4 Nf6 2. Bf4 g6 3. Nc3 d6 4. e4 c6 5. Qd2 Qa5 6. O-O-O Bg7 7. Kb1 O-O 8.
Bh6 e5 9. Bxg7 Kxg7 10. h4 h5 11. f3 b5 12. Nh3 exd4 13. Qxd4 b4 14. Ne2 Be6
15. Nc1 d5 16. Ng5 Nbd7 17. e5 Ng8 18. g4 c5 19. Qf4 hxg4 20. h5 Ne7 21. hxg6
Nxg6 22. Nxe6+ fxe6 23. Qh6+ Kf7 24. Qh7+ 1-0

[Event "4NCL Division Three Knights"]
[Site "Telford, ENG"]
[Date "2024.05.05"]
[Round "10.35"]
[White "Davies, Neil"]
[Black "Ortiz Sanchez, Luis"]
[Result "0-1"]
[WhiteElo "1897"]
[BlackElo "2002"]
[PlyCount "76"]
[EventDate "2024.05.05"]
[WhiteTeam "Surbiton"]
[BlackTeam "Iceni 1"]

1. Nf3 d5 2. d4 Nf6 3. g3 c5 4. Bg2 cxd4 5. O-O Bd7 6. Nxd4 e5 7. Nf3 Nc6 8. c3
Be7 9. Na3 O-O 10. Nc2 Qb6 11. Ne3 e4 12. Nd4 Nxd4 13. cxd4 Rac8 14. b3 Qa6 15.
f3 Bb5 16. Rf2 Bb4 17. Bd2 Ba3 18. Rb1 exf3 19. Bxf3 Qe6 20. Nc2 Bd6 21. a4 Bd7
22. Ne1 Ne4 23. Bxe4 Qxe4 24. e3 Bg4 25. Nf3 Rc2 26. Rc1 Rfc8 27. Rxc2 Rxc2 28.
Be1 Rc8 29. Qe2 h6 30. Nd2 Qg6 31. Qf1 Rc1 32. h3 Bxh3 33. Qxh3 Rxe1+ 34. Kh2
Rxe3 35. Nf1 Rxb3 36. Qc8+ Kh7 37. Qf5 Rxg3 38. Nxg3 Bxg3+ 0-1

[Event "4NCL Division Three Knights"]
[Site "Telford, ENG"]
[Date "2024.05.05"]
[Round "10.36"]
[White "Gibbs, Dominic V"]
[Black "Boughen, Andrew"]
[Result "1-0"]
[WhiteElo "2030"]
[BlackElo "1823"]
[PlyCount "87"]
[EventDate "2024.05.05"]
[WhiteTeam "Iceni 1"]
[BlackTeam "Surbiton"]

1. e4 c6 2. d3 d5 3. Nd2 e5 4. Ngf3 Bd6 5. g3 Nf6 6. Bg2 O-O 7. O-O Re8 8. c3
Nbd7 9. Qc2 a5 10. Re1 Qc7 11. Nf1 b6 12. Ne3 Ba6 13. Nf5 dxe4 14. dxe4 Nc5 15.
Bf1 Bxf1 16. Kxf1 Rad8 17. Bg5 Be7 18. Rad1 Rxd1 19. Qxd1 h6 20. Bxf6 Bxf6 21.
Qd6 Qxd6 22. Nxd6 Rd8 23. Nc4 Nd3 24. Rd1 b5 25. Nxa5 Nxb2 26. Rxd8+ Bxd8 27.
Nxc6 Bb6 28. Nfxe5 Nd1 29. c4 Nxf2 30. Nd7 Nxe4 31. Ne7+ Kh7 32. Nxb6 bxc4 33.
Nxc4 Nc3 34. a3 g5 35. Nb6 h5 36. a4 h4 37. gxh4 gxh4 38. a5 Nb5 39. a6 Kh6 40.
Nec8 Kg5 41. a7 Nxa7 42. Nxa7 Kg4 43. Kg2 h3+ 44. Kf2 1-0

[Event "4NCL Division Three Knights"]
[Site "Telford, ENG"]
[Date "2024.05.05"]
[Round "10.41"]
[White "Wilson, Jaimie"]
[Black "Lambourne, Dan M"]
[Result "1-0"]
[WhiteElo "2120"]
[BlackElo "2093"]
[PlyCount "137"]
[EventDate "2024.05.05"]
[WhiteTeam "Wessex A"]
[BlackTeam "MK Phoenix"]

1. c4 e5 2. Nc3 Nc6 3. Nf3 Nf6 4. a3 d6 5. d4 exd4 6. Nxd4 Bd7 7. e4 a6 8. Be2
Be7 9. O-O Rb8 10. Re1 O-O 11. Bf1 Nxd4 12. Qxd4 Ng4 13. Nd5 Bf6 14. Nxf6+ Qxf6
15. Qxf6 Nxf6 16. f3 Rfe8 17. Be3 Be6 18. Rac1 Nd7 19. b4 f6 20. Kf2 Ne5 21. h3
g6 22. Red1 Rbd8 23. Be2 Kg7 24. f4 Nf7 25. Bf3 Bc8 26. a4 g5 27. g3 h6 28. h4
g4 29. Bg2 h5 30. a5 Re7 31. Bd4 Kg6 32. Bb2 Rde8 33. Re1 c6 34. Rcd1 f5 35.
exf5+ Bxf5 36. Rxe7 Rxe7 37. Bf1 Be4 38. Ba3 Kf5 39. b5 axb5 40. cxb5 c5 41.
Bc4 Bf3 42. Rd2 Kg6 43. a6 bxa6 44. bxa6 Kg7 45. Bb2+ Kf8 46. Ba3 Kg7 47. Rb2
Re4 48. Rc2 Re7 49. Rc3 Nh6 50. Bb2 Kf8 51. Rb3 Re8 52. a7 Ra8 53. Rb8+ Ke7 54.
Bg7 Nf5 55. Bf8+ Kf6 56. Rxa8 Bxa8 57. Bd3 c4 58. Bxc4 d5 59. Bd3 Nd4 60. Bc5
Ne6 61. Bb6 Nf8 62. Bb5 Kf5 63. Ke3 Kf6 64. Be8 Nh7 65. Bxh5 Kf5 66. Bd4 Nf8
67. Be8 Bb7 68. Bc5 d4+ 69. Bxd4 1-0

[Event "4NCL Division Three Knights"]
[Site "Telford, ENG"]
[Date "2024.05.05"]
[Round "10.42"]
[White "Fraser-Mitchell, Jeremy N"]
[Black "Pleasants, Allan J"]
[Result "1/2-1/2"]
[WhiteElo "2089"]
[BlackElo "2000"]
[PlyCount "97"]
[EventDate "2024.05.05"]
[WhiteTeam "MK Phoenix"]
[BlackTeam "Wessex A"]

1. d4 d6 2. e4 g6 3. c4 Bg7 4. Nc3 Nf6 5. f3 O-O 6. Bg5 c5 7. d5 e6 8. Qd2 h6
9. Be3 exd5 10. cxd5 Re8 11. Bd3 a6 12. a4 Nbd7 13. Nh3 Ne5 14. Nf2 Bd7 15. O-O
Kh7 16. Be2 Qe7 17. Rab1 a5 18. Rfe1 g5 19. Nb5 Bxb5 20. Bxb5 Rg8 21. Nh1 Nh5
22. Rf1 Ng6 23. g3 Be5 24. Nf2 Bf4 25. Nd3 Bxe3+ 26. Qxe3 f5 27. Rbe1 f4 28.
Qf2 Ne5 29. g4 Nf6 30. h3 Rg7 31. Nxe5 Qxe5 32. Qd2 b6 33. Qc3 Re7 34. Kf2 Kg7
35. Rh1 h5 36. Qxe5 Rxe5 37. Ke2 h4 38. Kd3 Kf8 39. Kd2 Ke7 40. Re2 Nh7 41. b3
Nf8 42. Rhe1 Ng6 43. Kc3 Kd8 44. Rd2 Re7 45. Rde2 Ne5 46. Rf1 Rc7 47. Bc4 Ke7
48. Ra2 Kf6 49. Raa1 1/2-1/2

[Event "4NCL Division Three Knights"]
[Site "Telford, ENG"]
[Date "2024.05.05"]
[Round "10.43"]
[White "Westrap, Christian F"]
[Black "Elwin, Adrian G"]
[Result "1-0"]
[WhiteElo "2041"]
[BlackElo "2052"]
[PlyCount "73"]
[EventDate "2024.05.05"]
[WhiteTeam "Wessex A"]
[BlackTeam "MK Phoenix"]

1. e4 c6 2. d4 d5 3. exd5 cxd5 4. Nf3 Nf6 5. Ne5 Nc6 6. Bb5 Bd7 7. Nxd7 Qxd7 8.
c3 e6 9. O-O Bd6 10. Nd2 a6 11. Bd3 Qc7 12. g3 h5 13. Nf3 Ng4 14. Bg5 Ne7 15.
Qe2 Qd7 16. Rfe1 f6 17. h3 Nh6 18. Bxh6 Rxh6 19. Qxe6 Qxe6 20. Rxe6 Kd7 21.
Rae1 g5 22. Nxg5 Rf8 23. Nf3 Rhh8 24. Kg2 Rhg8 25. Nh4 Rg5 26. f4 Rg7 27. Nf5
Nxf5 28. Bxf5 Kc7 29. Kf3 b5 30. Re8 b4 31. Rxf8 Bxf8 32. Re6 bxc3 33. bxc3 Kb7
34. Rxf6 Ba3 35. Be6 Bb2 36. Bxd5+ Ka7 37. Rf7+ 1-0

[Event "4NCL Division Three Knights"]
[Site "Telford, ENG"]
[Date "2024.05.05"]
[Round "10.44"]
[White "Habershon, Paul F"]
[Black "Mesesan, Mircea-Marius"]
[Result "0-1"]
[WhiteElo "1974"]
[BlackElo "1979"]
[PlyCount "40"]
[EventDate "2024.05.05"]
[WhiteTeam "MK Phoenix"]
[BlackTeam "Wessex A"]

1. e4 e5 2. Nf3 Nf6 3. d4 Nxe4 4. Nxe5 d5 5. Bd3 Bd6 6. O-O O-O 7. c4 Bxe5 8.
dxe5 Nc5 9. cxd5 Nxd3 10. Qxd3 Nc6 11. Qe4 Ne7 12. Nc3 Bf5 13. Qc4 Qd7 14. Bf4
b5 15. Qc5 b4 16. d6 cxd6 17. exd6 bxc3 18. dxe7 Rfc8 19. Rad1 Rxc5 20. Rxd7
Bxd7 0-1

[Event "4NCL Division Three Knights"]
[Site "Telford, ENG"]
[Date "2024.05.05"]
[Round "10.45"]
[White "Marsh, Roger D W"]
[Black "Williamson, Kevin J"]
[Result "1/2-1/2"]
[WhiteElo "1945"]
[BlackElo "1845"]
[PlyCount "99"]
[EventDate "2024.05.05"]
[WhiteTeam "Wessex A"]
[BlackTeam "MK Phoenix"]

1. d4 Nf6 2. c4 d6 3. Nc3 e5 4. d5 Be7 5. e4 c6 6. f3 Qc7 7. Be3 Nbd7 8. Nge2
a6 9. Nc1 c5 10. Be2 Nf8 11. Nd3 Ng6 12. Qd2 Bd7 13. Rd1 Qa5 14. a3 Rc8 15. O-O
O-O 16. b4 Qc7 17. Nxc5 dxc5 18. d6 Bxd6 19. Qxd6 cxb4 20. axb4 Be6 21. Qxc7
Rxc7 22. Nd5 Rd7 23. Nxf6+ gxf6 24. Rxd7 Bxd7 25. g4 Rc8 26. Kf2 Be6 27. c5 Ne7
28. b5 axb5 29. Bxb5 Kg7 30. Rc1 Nc6 31. Bc4 Bxc4 32. Rxc4 Rd8 33. Ke2 Kf8 34.
Rc3 Nd4+ 35. Bxd4 Rxd4 36. h4 Kg7 37. h5 Ra4 38. Kf2 Ra6 39. Rb3 Rc6 40. Rb5
Rc7 41. Ke3 h6 42. Kd3 Kf8 43. Kc4 Ke7 44. Rb6 Rd7 45. Kb5 Rc7 46. Rd6 Rd7 47.
Rd5 Ke6 48. c6 bxc6+ 49. Kxc6 Ra7 50. Rd3 1/2-1/2

[Event "4NCL Division Three Knights"]
[Site "Telford, ENG"]
[Date "2024.05.05"]
[Round "10.46"]
[White "Shaw, John S"]
[Black "De Coverly, Roger D"]
[Result "0-1"]
[WhiteElo "1758"]
[BlackElo "1920"]
[PlyCount "116"]
[EventDate "2024.05.05"]
[WhiteTeam "MK Phoenix"]
[BlackTeam "Wessex A"]

1. d4 Nf6 2. c4 g6 3. Nf3 Bg7 4. g3 O-O 5. Bg2 d6 6. Nc3 Nc6 7. O-O e5 8. dxe5
dxe5 9. Qxd8 Rxd8 10. e4 Bg4 11. Bg5 Re8 12. Bxf6 Bxf6 13. Nd5 Bd8 14. Nd2 Nd4
15. f3 Be6 16. Nb3 c6 17. Ne3 a5 18. Kh1 a4 19. Nc5 Bc8 20. Nd3 Ba5 21. Rad1 f6
22. f4 Bc7 23. fxe5 fxe5 24. Rf2 b6 25. Nc2 Bg4 26. Re1 Rad8 27. Ndb4 Bd6 28.
Rf6 Be7 29. Rf2 Nxc2 30. Nxc2 Bc5 31. Rf6 Rd2 32. Ne3 Be6 33. b3 Kg7 34. Rff1
Rxa2 35. bxa4 Rxa4 36. h3 Bxe3 37. Rxe3 Bxc4 38. Rd1 Re7 39. Kg1 Rea7 40. Rd6
Ra1+ 41. Kf2 Rf7+ 42. Rf3 Ra2+ 43. Kg1 Rxf3 44. Bxf3 Bb5 45. Rd7+ Kf6 46. Rxh7
c5 47. Rb7 Ra6 48. h4 Bd3 49. g4 b5 50. g5+ Ke6 51. Bg4+ Kd6 52. Rd7+ Kc6 53.
Rxd3 c4 54. Rd8 Kc5 55. h5 c3 56. h6 c2 57. h7 c1=Q+ 58. Kf2 Qf4+ 0-1